Richest Countries in Asia in 1975 - Statistics

General Stats
  • This quiz has been taken 64 times
  • The average score is 13 of 15
Answer Stats
GDP per capita 2025 Dollars Country % Correct
4,464$ 26,882$ Japan
98%
6,417$ 39,124$ Saudi Arabia
96%
18,726$ 112,765$ United Arab Emirates
94%
14,696$ 88,497$ Qatar
93%
1,468$ 8,840$ Iran
91%
3,674$ 22,124$ Israel
91%
2,506$ 15,091$ Singapore
91%
11,939$ 71,895$ Kuwait
89%
1,344$ 8,093$ Iraq
87%
2,287$ 13,772$ Oman
87%
1,128$ 6,793$ Turkey
85%
807$ 4,860$ Malaysia
83%
906$ 5,456$ Syria
83%
1,143$ 6,882$ Cyprus
59%
1,352$ 8,142$ Mongolia
59%
No matching quizzes found
Score Distribution
Percent of People with Each Score
Percentile by Number Answered
Your Score History
You have not taken this quiz